02531nam a2200361 a 450000100100000000500170001000800410002704000250006808200250009310000580011824501710017626000760034730000210042349000470044450000720049150000700056359000260063365100570065965100420071670000540075883000540081295201380086695201380100495201380114295201230128095201290140395201240153295201240165695201240178095201240190495201240202899900170215200004897320240316073906.0100921s2018 dr a 001 0 spa d aDO-SdBNPbspacBNPHU a917.293bS194i, 20181 aSánchez Valverde Ocaña, Antoniod1729-179097640010aIdea del valor de la isla Española :by utilidades que de ella puede sacar su Monarquía /cAntonio Sánchez Valver de Ocaña, ; prólogo Marcio Veloz Maggiolo. aSanto Domingo , República Dominicana :bMinisterio de Cultura,c2018. a279 p. ;c24 cm.1 aBiblioteca dominicana básicaaensayov13 aIncluye referencias bibligráficas y notas al pie de las páginas aIncluye datos biográficos del autor en la solapa de la cubierta aInventariado, 2019/VM 4aRepública DominicanaxDescripciones Y Viajes91651 4aRepública DominicanaxHistoria91701 aVeloz Maggiolo, Marcio,d1936-2021epról.91104 0aBiblioteca Dominicana básicapensayon13976401 001054708DSaGRbGRcHDd2019-05-10iLF1l0o917.293 S194i, 2018p48973-30r2020-06-25te. 3w2020-06-25yLFDSZPréstamo en sala 001054708DSaGRbGRcHDd2019-05-10iLF1l0o917.293 S194i, 2018p48973-40r2020-06-25te. 4w2020-06-25yLFDSZPréstamo en sala 001054708DSaGRbGRcHDd2019-05-10iLF1l0o917.293 S194i, 2018p48973-50r2020-06-25te. 5w2020-06-25yLFDSZPréstamo en sala 0010718PDaPDbPDcHDd2019-05-10iLF1l0o917.293 S194i, 2018p48973-10r2020-06-25w2020-06-25yLFPDZNo se presta 0010718PDaPDbPDcHDd2019-05-10iLF1l0o917.293 S194i, 2018p48973-20r2020-06-25te. 2w2020-06-25yLFPDZNo se presta 00107-18PDaGRbGRcOId2019-05-10iLF1l0o917.293 S194i, 2018p48974-30r2020-06-25w2020-06-25yLFPDZNo se presta 00107-18PDaGRbGRcOId2019-05-10iLF1l0o917.293 S194i, 2018p48974-40r2020-06-25w2020-06-25yLFPDZNo se presta 00107-18PDaGRbGRcOId2019-05-10iLF1l0o917.293 S194i, 2018p48974-50r2020-06-25w2020-06-25yLFPDZNo se presta 00107-18PDaPDbPDcOId2019-05-10iLF1l0o917.293 S194i, 2018p48974-10r2020-06-25w2020-06-25yLFPDZNo se presta 00107-18PDaPDbPDcOId2019-05-10iLF1l0o917.293 S194i, 2018p48974-20r2020-06-25w2020-06-25yLFPDZNo se presta c48461d48461